| Поле | Инд. | ПП | Название | Значение |
|---|---|---|---|---|
| Тип записи | a | |||
| Библиографический уровень | m | |||
| 001 | Контрольный номер | f16e88b3c9844362885e2c0c450689a4 | ||
| 005 | Дата корректировки | 20180618120454.2 | ||
| 020 | a | ISBN | 5-94723-626-5 | |
| 040 | a | Служба первич. каталог. | НБ ТвГУ | |
| b | Код языка каталог. | rus | ||
| e | Правила каталог. | PSBO | ||
| 041 | 0_ | a | Код языка текста | rus |
| 080 | a | Индекс УДК | 159.9.072(075.8) | |
| 084 | a | Индекс другой классификации/Индекс ББК | Ю991я73-1 | |
| 090 | a | Полочн. индекс | Ю991 | |
| x | Авторский знак | П 86 | ||
| 097 | b | Оператор | mimoza3 | |
| 245 | 10 | a | Заглавие | Психологическая диагностика |
| b | Продолж. заглавия | учебник для студентов вузов, обучающихся по направлению и специальностям психологии | ||
| c | Ответственность | под ред. М. К. Акимовой, К. М. Гуревича | ||
| 250 | a | Основные сведения об издании | 3-е изд., перераб. и доп. | |
| 260 | c | Дата издания | 2006 | |
| a | Место издания | Москва | ||
| b | Издательство | Питер | ||
| 300 | a | Объем | 650, [1] с. | |
| b | Иллюстрации/ тип воспроизводства | табл. | ||
| 440 | _0 | a | Серия | Учебник для вузов |
| 520 | 0_ | a | Аннотация | В учебнике анализируется общее состояние психологической диагностики в нашей стране и за рубежом. Отдельные главы посвящены диагностике интеллекта и умственного развития, специальных способностей, диагностике психологических особенностей личности, вопросам диагностики в психологическом консультировании. Авторы учебника дают подробную информацию об основных классах методических средств (тесты, опросники, проективные и психофизиологические методы), общих требованиях к ним, их достоинствах и недостатках. В книге описаны основные возможности психодиагностических средств и их ограничения, особенности интерпретации результатов и вопросы этики специалиста-психодиагноста. |
| 653 | 0_ | a | Ключевые слова | Практическая психология |
| a | Ключевые слова | Психология | ||
| a | Ключевые слова | Психологическая диагностика | ||
| a | Ключевые слова | Психодиагностика | ||
| a | Ключевые слова | Учебники для вузов | ||
| 700 | 12 | a | Другие авторы | Акимова Маргарита Константиновна |
| e | Роль лиц | Редактор | ||
| 700 | 12 | a | Другие авторы | Гуревич Константин Маркович |
| e | Роль лиц | Редактор | ||
| 901 | t | Тип документа | m | |
| 910 | a | гриф есть ** | ||
| 920 | a | Оператор | Поля | |
| a | Оператор | Рунт | ||
| a | Оператор | Стро | ||
| 930 | a | Новая/Ретро | новая | |
| 952 | c | Вид литературы | К ру | |
| 954 | b | Дата поступления в ОК | 20180601 | |
| a | Дата поступления на обработку | 20180613 | ||
| c | Дата окончания ОНО | 20180618 |